Statystyki dla Total War Shogun 2 - wymień wielkie klany

Kliknij tutaj aby rozwiązać quiz!

Ogólne statystyki

  • Ten quiz został rozwiązany 6 razy
  • Średni wynik to 10 z 12

Statystyki odpowiedzi

Klan% Poprawnych
Chosokabe
100%
Date
100%
Shimazu
100%
Takeda
100%
Tokugawa
100%
Hattori
75%
Hojo
75%
Ikko Ikki
75%
Oda
75%
Otomo
75%
Mori
50%
Uesugi
50%

Rozkład punktacji

Percentyl według liczby udzielonych odpowiedzi

Procent ludzi z każdym wynikiem

Twoja historia wyników

Nie rozwiązałeś tego quizu